Joža Úprka - Dévče

Bibliographic Details
Format: Photo
Language:Slovak
PhysicalDescription:1 pohľadnica ilustrovaná 9x14
Published: [s.l.] [s.n.] [s.a.]
Subjects:

MARC

LEADER 00000nkm a2200000 a 4500
001 vtls010209775
003 SK-MaSNL
005 20260425225941.0
007 kf bo
008 231206s xo 000 g knslo
040 |a SNK  |b slo  |c SNK  |e AACR2 
041 0 |a slo 
043 |a e-xo--- 
044 |a xo  |c SK 
245 0 0 |a Joža Úprka - Dévče  |h grafika 
260 |a [s.l.]  |b [s.n.]  |c [s.a.] 
300 |a 1 pohľadnica  |b ilustrovaná  |c 9x14 
651 7 |a Slovensko  |2 SNKPH  |9 14231 
655 7 |a geografické pohľadnice  |2 SNKPH  |9 70522 
958 |a GC 
958 |a GBN 
999 |c 662865  |d 664795 
952 |a SNK  |b SNK  |y PREZ  |7 0  |p 17A0688333  |o snkSP 31440  |0 0  |1 0  |4 0  |d 2011-02-08  |l 0  |r 2026-02-23 18:59:19  |w 2026-02-23